000 00812nam a2200265Ia 4500
003 OSt
005 20220924124100.0
006 a|||||r|||| 00| 0
007 ta
008 220923b |||||||| |||| 00| 0 urd d
020 _a8180420868 (hbk)
020 _c175
024 _a317960
037 _b5543/11, 18/03/2009, Modern Publishing House
_cTextual
040 _aARTS
_cARTS
_burd
041 _2urd
_aurd
082 _aO168,3N19,KA, P5
100 _aZakir Kashmiri Lal Au.
_9177743
245 0 _aKarman wali
260 _aNew Delhi
_b Modern publishing house India
_c2005
300 _a160p.
_ccm.
650 _aURDU FICTION
_93298
942 _hO168,3N19,KA, P5
_cTEXL
_2CC
999 _c418292
_d418292